00516nam a2200157Ia 4500008004100000020000900041040001900050041001200069082002900081100002100110245011200131260004400243300001800287650003100305850002200336131103s9999 xx 000 0 und d cRs.6 aLoreto College aEnglish a891.442/GHObLCLIB/17876 aGhosh, Manomohan aContributations to the history of the hindu dramab its origin, development and diffusion cManomohan Ghosh aCalcuttabFirma K.L. Mukhopadhyayc1958 a63p. c 22cm. aBengali drama - Criticfism aLCLIB/891.442/GHO